Memorias inmemoriales
Guardado en:
| Autor principal: | |
|---|---|
| Formato: | Libro |
| Lenguaje: | español |
| Publicado: |
Madrid
Cátedra
1980
|
| Materias: | |
| Etiquetas: |
Agregar Etiqueta
Sin Etiquetas, Sea el primero en etiquetar este registro!
|
MARC
| LEADER | 00000nam a2200000 a 4500 | ||
|---|---|---|---|
| 001 | UCT6744 | ||
| 003 | CL-VaPUC | ||
| 008 | 970113e19800000SP |||||||||||||||||spa|d | ||
| 082 | 0 | 4 | |a 864 |b CEL |2 21 |
| 100 | 0 | |a Celaya, Gabriel |e author |9 333151 | |
| 245 | 1 | 0 | |a Memorias inmemoriales |
| 300 | |a 188 p | ||
| 942 | |c BK | ||
| 945 | |d 19970113 00:00:00 |a nastorga | ||
| 260 | |a Madrid |b Cátedra |c 1980 | ||
| 650 | 0 | |a Ensayos españoles |9 313128 | |
| 650 | 7 | |a MEMORIAS |2 CL-VaPUC |9 269159 | |
| 650 | 0 | |a Historia y crítica |9 257407 | |
| 650 | 0 | |a Vida y obra |9 311871 | |
| 650 | 0 | |a Poesía española |9 264938 | |
| 583 | |a last modification |c 19970113 00:00:00 |k Rodrigo Vera | ||
| 999 | |c 255420 |d 255418 | ||
| 952 | |0 0 |1 0 |4 0 |6 864_000000000000000_CEL_1980 |7 0 |8 A |9 277648 |a BIBEDU |b BIBEDU |d 2019-11-19 |i 3268284 |o 864 CEL 1980 |p 3268284 |r 2019-11-19 |w 2019-11-19 |y BK |k LIT | ||